Leveled Literacy Guide (Record no. 25595)

MARC details
000 -LEADER
fixed length control field 00655nam a22002177a 4500
003 - CONTROL NUMBER IDENTIFIER
control field OSt
005 - DATE AND TIME OF LATEST TRANSACTION
control field 20260630102026.0
008 - FIXED-LENGTH DATA ELEMENTS--GENERAL INFORMATION
fixed length control field 260630b |||||||| |||| 00| 0 eng d
020 ## - INTERNATIONAL STANDARD BOOK NUMBER
International Standard Book Number 0325043868
040 ## - CATALOGING SOURCE
Transcribing agency Chuka University Library
050 ## - LIBRARY OF CONGRESS CALL NUMBER
Classification number LB1573
Item number .F68 2013
100 ## - MAIN ENTRY--PERSONAL NAME
Personal name Fountas Irene C.
9 (RLIN) 27725
245 ## - TITLE STATEMENT
Title Leveled Literacy Guide
Remainder of title Lesson Guide
260 ## - PUBLICATION, DISTRIBUTION, ETC.
Place of publication, distribution, etc. Portsmouth, NH
Name of publisher, distributor, etc. Heinemann
Date of publication, distribution, etc. 2013
300 ## - PHYSICAL DESCRIPTION
Extent x various Paging
Other physical details illustrated includes indexes
650 ## - SUBJECT ADDED ENTRY--TOPICAL TERM
Topical term or geographic name entry element Reading (Elementary)
650 ## - SUBJECT ADDED ENTRY--TOPICAL TERM
Topical term or geographic name entry element Reading (Elementary)-Ability Testing
9 (RLIN) 32010
650 ## - SUBJECT ADDED ENTRY--TOPICAL TERM
Topical term or geographic name entry element Literacy
9 (RLIN) 27979
700 ## - ADDED ENTRY--PERSONAL NAME
Personal name Pinnell Gay Su
9 (RLIN) 27723
942 ## - ADDED ENTRY ELEMENTS (KOHA)
Source of classification or shelving scheme Library of Congress Classification
Koha item type Long Loan Books
Suppress in OPAC No
Holdings
Withdrawn status Lost status Source of classification or shelving scheme Damaged status Not for loan Collection Home library Current library Shelving location Date acquired Source of acquisition Cost, normal purchase price Total Checkouts Full call number Barcode Date last seen Price effective from Koha item type
    Library of Congress Classification     General Collection Books Main Campus Library Main Campus Library General Stacks 30/06/2026 Donation from Books for Africa 6744.49   LB 1573 .F68 2013 V.1 36439/2026 30/06/2026 30/06/2026 Long Loan Books
    Library of Congress Classification     General Collection Books Main Campus Library Main Campus Library General Stacks 30/06/2026 Donation from Books for Africa     LB 1573 .F68 2013 V.2 36438/2026 30/06/2026 30/06/2026 Long Loan Books

Powered by Koha